000 01034nam a2200301Ia 4500
008 160803s9999 xx 000 0 und d
020 _a0 590621718
100 _aDowswell, Paul
245 _aTales of real adventure /
245 _cPaul Dowswell ; designed by Mary Cartwright and Nigel Reece ; illustrated by Peter Ross and Tony Jackson ; additional illustrations by Janos Marffy and Sean Wilkinson ; editorial assistance by Lisa Miles.
260 _aNew York :
260 _bScholastic Inc.
260 _c1995
300 _a64 pages :
300 _billustrations (some color), color maps ;
300 _c25 cm.
440 _aUsborne reader's library.
500 _aOriginally published: London : Usborn Pub. Ltd., 1996.
650 _aAdventure and adventurers --
650 _aEscapes --
650 _aHeroes --
650 _aSurvival --
650 _xJuvenile literature.
650 _xJuvenile literature.
650 _xJuvenile literature.
650 _xJuvenile literature.
700 _a1060
999 _c299746
_d299746